000
00325 a2200157 4500
001
72319
020
_a
857319412X
040
_c
Anchieta - Colégio São Paulo
100
_a
Zatz, Lia
240
1
0
_a
Jogo duro
_l
por
245
1
0
_a
Jogo duro
300
_a
102
362
0
_a
2004
650
4
_a
Literatura juvenil
942
_c
BK
999
_c
72319
_d
72319